01210nam a2200301 a 4500008004100000040002500041041001300066080002000079080000800099080001700107245021000124250001300334260013500347300005400482500007600536700003400612700002600646700003000672700002600702700002600728700002600754700002500780700002400805700003000829700003100859044001100890020000700901951123s1982||||[C 0 slo c aSNKbslocSNKeAACR21 aslohslo a908.437.674:779 a779 a779(437.674)10aOkres Michalovce ; Ladislav Ďaďovský, Jaroslav Vizdal, Mikuláš Jáger, Jaroslav Vizdal, Róbert Brož, Milan Bohucký, Štefan Danko, Anton Hasák, Andrej Haščák, Alexander Jiroušek a1., vyd. aKošicebVýchodoslovenské vydavateľstvoaS.l.bONV v Michalovciach [vyd.]c1982eKošicefVýchodoslovenské tlačiarne a230 s., 41,46 AHbČiernob. a fareb. fot.c28 cm aRes. rus. a nem. Ilustr. na predsádkach. Fot. na front. Nepredajné.1 aĎaďovský, Ladislav4aut1 aVizdal, Jaroslav4aut1 aJáger, Mikuláš4com1 aVizdal, Jaroslav4com1 aBrož, Róbert4bkd1 aBohucký, Milan4bkd1 aDanko, Štefan4bkd1 aHasák, Anton4bkd1 aHaščák, Andrej4bkd1 aJiroušek, Alexander4bkd axocSK c10